| 000 | 00899nam a22002777a 4500 | ||
|---|---|---|---|
| 001 | 200426613 | ||
| 999 |
_c200426613 _d44537 |
||
| 003 | TR-AnTOB | ||
| 005 | 20241030134640.0 | ||
| 008 | 170515r2014 ru ||||| |||| 00| 0 rus d | ||
| 020 | _a9785883373496 | ||
| 040 |
_aTR-AnTOB _beng _cTR-AnTOB _erda |
||
| 041 |
_arus _hrus |
||
| 050 | _aPG2115 | ||
| 099 | _aPCR EASY RUS B1 GOL 2014 | ||
| 100 | 1 |
_aKazakov, I︠U︡riĭ, _d1927-1982 _9117510 |
|
| 245 | 1 | 0 |
_aGoluboe i zelenoe : _bKniga dlja čtenija c zadanyjamy dlja izučajuščich russkij jazyk kak inostrannyj / _cIourij Kazakov. |
| 264 | 1 |
_aMoskva : _bRusskij jazyk kursy ; _c2014. |
|
| 300 |
_a40 pages : _billustrations ; _c21 cm |
||
| 336 |
_atext _2rdacontent |
||
| 337 |
_aunmediated _2rdamedia |
||
| 338 |
_avolume _2rdacarrier |
||
| 490 | 0 | _aKLASS!noe chtenie | |
| 650 | 0 |
_aRussian language _vReaders _950463 |
|
| 942 |
_2lcc _cBBK |
||